000 01174nam0a22002771 4500
001 rc\1086461
005 20250622141927.0
035 _a(NLR Aleph) 006333894
090 _a7573767
_c7573767
100 _a20041126d1984 |||y0rusy50 ca
101 0 _arus
102 _aRU
105 _ay |||||||||
200 1 _aОсновы методики становления и совершенствования технико-тактического мастерства в классической борьбе
_e[Учеб. пособие]
_fИ.А. Кондрацкий, Г.М. Грузных, В.М. Игуменов
210 _aОмск
_cОГИФК
_d1984
215 _a86 с.
_d20
300 _aВ надзаг.: Омский гос. ин-т физ. культуры
320 _aБиблиогр.: с. 84-85 (18 назв.)
700 1 _aКондрацкий
_bИ.А.
_gИгорь Александрович
701 1 _aГрузных
_bГ.М.
_gГурий Михайлович
701 1 _aИгуменов
_bВ.М.
_gВиктор Михайлович
801 0 _aRU
_bNLR
_gpsbo
801 1 _aRU
_bELAR
_2rusmarc
852 _aNLR
_j85-4/23249
942 _cBOOK
980 _aNB